CPD : Pelelongan harta tanah di Malaysia : 5 Februari 2015

Bibliographic Details
Corporate Authors: CPD : Pelelongan harta tanah di Malaysia, INSPEN ( Institut Penilaian Negara )
Format: Book
Language:Malay
Published: Bangi : Institut Penilaian Negara , 2015
Subjects:

MARC

LEADER 00000cam a2200000 7i4500
001 0000026846
005 20160517.0
008 160509 my a may
040 |a INS 
090 0 0 |a CPD120 
110 1 |a CPD : Pelelongan harta tanah di Malaysia ,   |d 2015 5 Februari   |c INSPEN, Bangi 
245 0 0 |a CPD : Pelelongan harta tanah di Malaysia :   |b 5 Februari 2015   |c Organised by Professional and Executive Development Centre, INSPEN 
260 |a Bangi :   |b Institut Penilaian Negara ,   |c 2015 
300 |a 1v. (Various pagings) :   |b ill. ;   |c 30 cm. 
650 0 |a Auctions 
650 0 |a Real property auctions 
710 1 |a INSPEN ( Institut Penilaian Negara ) 
999 |a CPD0000287   |b BOOK   |c Course Notes   |e Default branch